Europa
| Titel: | Europa : "Eurinnerung" / Maciej Górny |
|---|---|
| Verfasser: | |
| Beteiligt: | |
| In: |
Deutsch-polnische Erinnerungsorte ; 2. Geteilt, gemeinsam, (2014), Seite 15-38 alle Artikel anzeigen |
| Veröffentlicht: | 2014 |
| Umfang: | 1 Illustration |
| Format: | Aufsatz |
| Sprache: | Deutsch |
X
alg: 41765785
001A $03025:10-10-17
001B $01999:10-10-17 $t22:44:30.000
001C $03025:10-10-17 $t11:08:04.000
001D $03025:10-10-17
001U $0utf8
001X $00
002@ $0Aou
002C $aText $btxt $2rdacontent
002D $aohne Hilfsmittel zu benutzen $bn $2rdamedia
002E $aBand $bnc $2rdacarrier
003@ $0417657854
007A $0417657854 $aHEB
010@ $ager
010E $erda
011@ $a2014
021A $aEuropa $d"Eurinnerung" $hMaciej Górny
028A $BVerfasser $#Górny, M. $#Gurnyj, Macej $#Gurnyj, M. $4aut $7124276962 $8Górny, Maciej$Z1976- [Tp1] $9154994979
028C $BÜbersetzer $4trl $71106404955 $8Huterer, Andrea$Z1970- [Tp1] $9384651496
031A $h15-38 $j2014
034M $a1 Illustration
039B $aEnthalten in $8--Afu--. Deutsch-polnische Erinnerungsorte ; 2. Geteilt, gemeinsam. - Paderborn {[u.a.] : Schöningh, 2014. - 732 S.. - Ill.. - ISBN 978-3-506-77339-5 $x201400000000000985 $9299792242
044K $#Abendland $#Okzident $74015701-5 $8Europa [Tgz] $908503617X
044K $RPolitische Identität $RGeschichtsbild $RGeschichtsdenken $#Conscience historique $#Geschichtsbewusstsein $#Historisches Bewusstsein $#Geschichtsverständnis Geschichtsbewusstsein $#Geschichtskultur $74020526-5 $8Geschichtsbewusstsein [Ts1] $9085049387
044K $RIdentität $#Group identity $#Identité collective $#Identidad colectiva $#kollektive Identität $#Kollektividentität $#Kollektive Identität $74140349-6 $8Gruppenidentität [Ts1] $9085537926
044K $RGedächtnis $RGeschichtspolitik $#Collective memory $#Mémoire collective $#Memoria collettiva $#Memoria colectiva $#kollektives Gedächtnis $#kollektives Wissen $#Kollektive Erinnerung $#Kulturelles Gedächtnis $#Erinnerungskultur $#Gedächtniskultur $#Memorialkultur $#Gedenkkultur $74200793-8 $8Kollektives Gedächtnis [Ts1] $9086014900
045R $aGeschichte 1500-2010
lok: 41765785 78
exp: 41765785 78 1 #EPN
201B/01 $010-10-17 $t09:44:09.000
201C/01 $010-10-17
201U/01 $0utf8
203@/01 $0100828887X
208@/01 $a10-10-17 $be
209A/01 $a/ $f000 $x00
209A/01 $ab*p $x01
220C/01 $apgar
244Z/01 $#Generalgouvernement Polen $#Polska $#Rzeczpospolita Polska $#Polska Rzeczpospolita Ludowa $#Poland $#Pologne $#République Polonaise $#Generalne Gubernatorstwo w Polsce $#Polish People's Republic $#Polska Rzeczpospolita Polen $#PRL $#RP $#Polen Generalgouvernement $#Polska Generalgouvernement $#Besetzte Polnische Gebiete $#Besetztes Gebiet in Polen $#Okupowane Polskie Obszary $#Obszary Okupowane w Polsce $#Volksrepublik Polen $#Polska Rosyjska $#Republic Polen $#Respublika Pol'ša $#Pol'skaja Narodnaja Respublika $#République de Pologne $#Polen Links der Weichsel $#Polska po Lewej Stronie Wisły $#Lenkija $#Polija $#Gubernija Carstva Pol'skago $#Republik Polen $74046496-9 $8--Tg1--Polen $x01 $9085129801
247C/01 $82080>Marburg/Lahn, Herder-Institut, Forschungsbibliothek, Bibliographieportal $9336309341
| LEADER | 00000caa a2200000 c 4500 | ||
|---|---|---|---|
| 001 | 417657854 | ||
| 003 | DE-603 | ||
| 005 | 20171010224430.0 | ||
| 007 | tu | ||
| 008 | 171010s2014 xx |||| | u00||u|ger c | ||
| 035 | |a (DE-599)HEB417657854 | ||
| 040 | |a DE-603 |b ger |c DE-603 |d DE-603 |e rda | ||
| 041 | |a ger | ||
| 100 | 1 | |a Górny, Maciej |d 1976- |e Verfasser |4 aut |0 (DE-603)154994979 |0 (DE-588)124276962 |2 gnd | |
| 245 | 0 | 0 | |a Europa |b "Eurinnerung" |c Maciej Górny |
| 264 | 0 | |c 2014 | |
| 300 | |b 1 Illustration | ||
| 336 | |a Text |b txt |2 rdacontent | ||
| 337 | |a ohne Hilfsmittel zu benutzen |b n |2 rdamedia | ||
| 338 | |a Band |b nc |2 rdacarrier | ||
| 648 | 7 | |a Geschichte 1500-2010 |2 gnd | |
| 650 | 7 | |a Geschichtsbewusstsein |0 (DE-588)4020526-5 |0 (DE-603)085049387 |2 gnd | |
| 650 | 7 | |a Gruppenidentität |0 (DE-588)4140349-6 |0 (DE-603)085537926 |2 gnd | |
| 650 | 7 | |a Kollektives Gedächtnis |0 (DE-588)4200793-8 |0 (DE-603)086014900 |2 gnd | |
| 651 | 7 | |a Europa |0 (DE-588)4015701-5 |0 (DE-603)08503617X |2 gnd | |
| 700 | 1 | |a Huterer, Andrea |d 1970- |e Übersetzer |4 trl |0 (DE-603)384651496 |0 (DE-588)1106404955 |2 gnd | |
| 773 | 0 | 8 | |i Enthalten in |t Deutsch-polnische Erinnerungsorte ; 2. Geteilt, gemeinsam |d Paderborn [u.a.] : Schöningh, 2014 |h 732 S., Ill. |z 9783506773395 |g (2014), Seite 15-38 |w (DE-603)299792242 |
| 924 | 0 | |9 2080 |a (DE-603)100828887X |b DE-2080 |c HES |d d |g / | |


